书目信息 |
| 题名: |
韩国首任女总统朴槿惠
|
|
| 作者: | 洪钟华 著 ;杨琳 , 田生芳 译 | |
| 分册: | ||
| 出版信息: | 太原 山西人民出版社 2013.01 |
|
| 页数: | 252页 | |
| 开本: | 24cm | |
| 丛书名: | ||
| 单 册: | ||
| 中图分类: | K833.126.7=6 | |
| 科图分类: | ||
| 主题词: | ||
| 电子资源: | ||
| ISBN: | 978-7-203-08048-0 | |
| 000 | 00913nam0 2200265 450 | |
| 001 | 010050022132 | |
| 005 | 20130504093646.71 | |
| 010 | @a978-7-203-08048-0@dCNY35.00 | |
| 100 | @a20130116d2013 em y0chiy50 ea | |
| 101 | 1 | @achi@ckor |
| 102 | @aCN@b140000 | |
| 105 | @aaf z 000yb | |
| 106 | @ar | |
| 200 | 1 | @a韩国首任女总统朴槿惠@9han guo shou ren nu^ zong tong pu jin hui@f(韩)洪钟华著@g杨琳,田生芳译 |
| 210 | @a太原@c山西人民出版社@d2013.01 | |
| 215 | @a252页@c照片@d24cm | |
| 330 | @a本书共分为五章,主要内容包括:因为要超越时代,所以党领导人很难;如果不改革,国民就不会支持你等。 | |
| 600 | 0 | @a朴槿惠@f(1952-)@x生平事迹 |
| 600 | 0 | @a朴槿惠@f(1952-) |
| 690 | @aK833.126.7=6@v5 | |
| 701 | 0 | @c(韩)@a洪钟华@9hong zhong hua@f(1964-)@4著 |
| 702 | 0 | @a杨琳@9yang lin@4译 |
| 702 | 0 | @a田生芳@9tian sheng fang@4译 |
| 801 | 0 | @aCN@b人天书店@c20130116 |
| 905 | @b543251-55@dK833.126.7=6@e720HZ@f5 | |
| 韩国首任女总统朴槿惠/(韩)洪钟华著/杨琳,田生芳译.-太原:山西人民出版社,2013.01 |
| 252页:照片;24cm |
| ISBN 978-7-203-08048-0:CNY35.00 |
| 本书共分为五章,主要内容包括:因为要超越时代,所以党领导人很难;如果不改革,国民就不会支持你等。 |
| ● |
| 相关链接 |
|
|
|
|
正题名:韩国首任女总统朴槿惠
索取号:K833.126.7=6/720HZ
 
预约/预借
| 序号 | 登录号 | 条形码 | 馆藏地/架位号 | 状态 | 备注 |
| 1 | 543251 | 205432511 | 第二样本阅览室/ [索取号:K833.126.7=6/720HZ] | 在馆 | |
| 2 | 543252 | 205432520 | 史法系资料室/ [索取号:K833.126.7=6/720HZ] | 在馆 | |
| 3 | 543253 | 205432539 | 史法系资料室/ [索取号:K833.126.7=6/720HZ] | 在馆 | |
| 4 | 543254 | 205432548 | 第二借阅区/ [索取号:K833.126.7=6/720HZ] | 在馆 | |
| 5 | 543255 | 205432557 | 第二借阅区/ [索取号:K833.126.7=6/720HZ] | 在馆 |